00506nam a2200181Ia 4500008004100000020001500041082001100056100002100067245002800088250000800116260002700124300001300151500002400164650001200188942000700200952010200207999001500309230524s9999 xx 000 0 und d a8178085062 a4bROS aFrank Rose92348 0aArtificial Intelligence a3RD aNEW DELHIbWileyc1989 aXIII;209 aQuantity Number: 1 aComp-Sc cBK 00104070aTATCLbTATCLcGENd2023-05-24l0o004 ROSp4236r2023-05-24w2023-05-24yBKzPECS5401 c4308d4308